<?xml version="1.0" encoding="UTF-8"?>
<record
    xmlns:xsi="http://www.w3.org/2001/XMLSchema-instance"
    xsi:schemaLocation="http://www.loc.gov/MARC21/slim http://www.loc.gov/standards/marcxml/schema/MARC21slim.xsd"
    xmlns="http://www.loc.gov/MARC21/slim">

  <leader>00870nam a22002177a 4500</leader>
  <controlfield tag="008">100718s2006    xxu||||| |||| 00| 0 ara d</controlfield>
  <datafield tag="082" ind1=" " ind2=" ">
    <subfield code="2">22</subfield>
    <subfield code="a">133.542</subfield>
    <subfield code="b">&#x641; &#x631; &#x62D;</subfield>
  </datafield>
  <datafield tag="100" ind1="1" ind2=" ">
    <subfield code="9">16344</subfield>
    <subfield code="a">&#x641;&#x631;&#x62D; &#x60C; &#x645;&#x627;&#x63A;&#x64A;</subfield>
  </datafield>
  <datafield tag="245" ind1=" " ind2=" ">
    <subfield code="a">2006 &#x633;&#x646;&#x629; &#x627;&#x644;&#x627;&#x646;&#x647;&#x64A;&#x627;&#x631;&#x627;&#x62A; &#x627;&#x644;&#x62F;&#x631;&#x627;&#x645;&#x627;&#x62A;&#x64A;&#x643;&#x64A;&#x629; /</subfield>
    <subfield code="c">&#x645;&#x627;&#x63A;&#x64A; &#x641;&#x631;&#x62D;</subfield>
  </datafield>
  <datafield tag="260" ind1=" " ind2=" ">
    <subfield code="a">&#x628;&#x64A;&#x631;&#x648;&#x62A; :</subfield>
    <subfield code="b">&#x62F;&#x627;&#x631; &#x627;&#x644;&#x645;&#x64A;&#x645; &#x60C;</subfield>
    <subfield code="c">2006.</subfield>
  </datafield>
  <datafield tag="300" ind1=" " ind2=" ">
    <subfield code="a">607 &#x635; &#x61B;</subfield>
    <subfield code="c">24 &#x633;&#x645;.</subfield>
  </datafield>
  <datafield tag="541" ind1=" " ind2=" ">
    <subfield code="a">&#x623;&#x644;&#x641; &#x628;&#x627;&#x621; &#x61B;</subfield>
    <subfield code="c">&#x634;&#x631;&#x627;&#x621; &#x61B;</subfield>
  </datafield>
  <datafield tag="600" ind1=" " ind2=" ">
    <subfield code="9">16344</subfield>
    <subfield code="a">&#x641;&#x631;&#x62D; &#x60C; &#x645;&#x627;&#x63A;&#x64A;</subfield>
  </datafield>
  <datafield tag="650" ind1=" " ind2=" ">
    <subfield code="9">16346</subfield>
    <subfield code="a">&#x627;&#x644;&#x62A;&#x646;&#x62C;&#x64A;&#x645;</subfield>
  </datafield>
  <datafield tag="650" ind1=" " ind2=" ">
    <subfield code="9">16347</subfield>
    <subfield code="a">&#x627;&#x644;&#x62A;&#x646;&#x628;&#x624;&#x627;&#x62A;</subfield>
  </datafield>
  <datafield tag="650" ind1=" " ind2=" ">
    <subfield code="9">15148</subfield>
    <subfield code="a">&#x627;&#x644;&#x641;&#x644;&#x643;</subfield>
  </datafield>
  <datafield tag="650" ind1=" " ind2=" ">
    <subfield code="9">16348</subfield>
    <subfield code="a">&#x627;&#x644;&#x627;&#x628;&#x631;&#x627;&#x62C;</subfield>
  </datafield>
  <datafield tag="650" ind1=" " ind2=" ">
    <subfield code="9">16349</subfield>
    <subfield code="a">&#x627;&#x644;&#x628;&#x631;&#x648;&#x62C; ( &#x627;&#x644;&#x641;&#x644;&#x643;)</subfield>
  </datafield>
  <datafield tag="942" ind1=" " ind2=" ">
    <subfield code="2">ddc</subfield>
    <subfield code="c">BB</subfield>
  </datafield>
  <datafield tag="999" ind1=" " ind2=" ">
    <subfield code="c">14491</subfield>
    <subfield code="d">14491</subfield>
  </datafield>
  <datafield tag="952" ind1=" " ind2=" ">
    <subfield code="0">0</subfield>
    <subfield code="1">0</subfield>
    <subfield code="2">ddc</subfield>
    <subfield code="4">0</subfield>
    <subfield code="7">0</subfield>
    <subfield code="8">Alef-Baa</subfield>
    <subfield code="a">MAIN</subfield>
    <subfield code="b">MAIN</subfield>
    <subfield code="c">LOW</subfield>
    <subfield code="d">2010-07-18</subfield>
    <subfield code="e">purchase</subfield>
    <subfield code="o">133.542  &#x641; &#x631; &#x62D;</subfield>
    <subfield code="p">000021548</subfield>
    <subfield code="r">2025-07-15 00:00:00</subfield>
    <subfield code="y">BB</subfield>
  </datafield>
</record>
